000 00314nam a22001337a 4500
008 170413b xxu||||| |||| 00| 0 eng d
020 _a0070196192
041 _aeng
080 _23 ED
_a618
100 _a10
101 _aSHM
245 _aTHE MENOPAUSE COMPREHENSIVE MANAGEMNET
_cESKIN.B.A
942 _2udc
_cBK
999 _c10611
_d10611